Which Foods Are Real? Quiz Stats

 Plays Quiz Updated Sep 19, 2014

Challenge
Share
Tweet
Embed
Score 0/15 Timer 03:00
5 Plays Today
% Correct
acorn squash
87.8%
Salisbury steak
85.8%
crabapple
85.7%
hibachi chicken
79.6%
braised ox cheek
77.2%
Welsh rarebit
71.9%
bubble and squeak
67%
tomato concasse
57.3%
% Correct
Kasseri cheese
54.8%
knickerbocker soup
50.3%
French merguez
49.9%
spatchcocked turkey
44.5%
strozzapreti
43.6%
celery kinpira
37.1%
shaking beef
30%

You're not logged in!

Compare scores with friends on all Sporcle quizzes.
Join for Free
OR
Log In

You Might Also Like...

Show Comments

Extras

Top Quizzes Today


Score Distribution

Your Account Isn't Verified!

In order to create a playlist on Sporcle, you need to verify the email address you used during registration. Go to your Sporcle Settings to finish the process.

Report this User

Report this user for behavior that violates our Community Guidelines.

Details: